[Event "Hessenliga 0708"]
[Site "Germany"]
[Date "2008.03.30"]
[Round "8.1"]
[White "Petri, Klaus"]
[Black "Gries, Volker"]
[Result "1-0"]
[WhiteElo "2316"]
[BlackElo "2134"]
[PlyCount "81"]
[EventDate "2007.09.30"]
[EventType "team"]
[EventRounds "9"]
[EventCountry "GER"]
[SourceTitle "EXT 2009"]
[Source "ChessBase"]
[SourceDate "2008.11.26"]
[SourceVersion "1"]
[SourceVersionDate "2008.11.26"]
[SourceQuality "1"]
[WhiteTeam "Bensheim"]
[BlackTeam "Oberursel II"]
[WhiteTeamCountry "GER"]
[BlackTeamCountry "GER"]

1. e4 d5 2. exd5 Qxd5 3. Nf3 Nf6 4. d4 Bg4 5. Be2 e6 6. h3 Bh5 7. 0-0 Be7 8. c4 Qd8 9. Qb3 Qc8 10. Nc3 0-0 11. Bf4 c6 12. Rfd1 Nbd7 13. Rac1 Re8 14. a4 Bf8 15. Bh2 Bxf3 16. Bxf3 e5 17. a5 exd4 18. Rxd4 Bc5 19. Rd2 Ne5 20. Be2 Qf5 21. Rf1 b6 22. Bxe5 Rxe5 23. Bf3 Rc8 24. axb6 axb6 25. Na4 h5 26. Nxc5 bxc5 27. Qb7 Rf8 28. Qxc6 g5 29. Bd1 Qf4 30. Rd3 g4 31. hxg4 hxg4 32. Rg3 Rh5 33. Bxg4 Nxg4 34. Qf3 Qxf3 35. gxf3 Rb8 36. fxg4 Re5 37. b3 Re2 38. Rd1 Kg7 39. Kg2 Kf6 40. Rf3+ Kg7 41. Rd7 1-0

[Event "Hessenliga 0708"]
[Site "Germany"]
[Date "2008.02.10"]
[Round "6.1"]
[White "Petri, Klaus"]
[Black "Weiss, Jochen"]
[Result "1/2-1/2"]
[WhiteElo "2316"]
[BlackElo "2145"]
[PlyCount "54"]
[EventDate "2007.09.30"]
[EventType "team"]
[EventRounds "9"]
[EventCountry "GER"]
[SourceTitle "EXT 2009"]
[Source "ChessBase"]
[SourceDate "2008.11.26"]
[SourceVersion "1"]
[SourceVersionDate "2008.11.26"]
[SourceQuality "1"]
[WhiteTeam "Bensheim"]
[BlackTeam "Baunatal"]
[WhiteTeamCountry "GER"]
[BlackTeamCountry "GER"]

1. e4 c5 2. Nf3 Nc6 3. d4 cxd4 4. Nxd4 g6 5. c4 Bg7 6. Be3 Nf6 7. Nc3 Ng4 8. Qxg4 Nxd4 9. Qd1 Ne6 10. Qd2 d6 11. Be2 Bd7 12. 0-0 Qa5 13. Rab1 Bxc3 14. bxc3 Bc6 15. Bd3 Nc5 16. f4 Nxd3 17. Qxd3 f5 18. exf5 Qxf5 19. Qxf5 gxf5 20. c5 Rg8 21. Rb2 Rg6 22. Re1 Kd7 23. cxd6 exd6 24. Bd4 Rag8 25. g3 a6 26. Rbe2 Be4 27. Kf2 Re6 1/2-1/2

[Event "Bensheim op"]
[Site "Bensheim"]
[Date "2002.11.22"]
[Round "5"]
[White "Petri, Klaus"]
[Black "Schneider, Heiko"]
[Result "1-0"]
[WhiteElo "2199"]
[BlackElo "2229"]
[PlyCount "69"]
[EventDate "2002.??.??"]
[EventType "swiss"]
[EventRounds "7"]
[EventCountry "GER"]
[SourceTitle "EXT 2007"]
[Source "ChessBase"]
[SourceDate "2006.11.23"]
[SourceVersion "1"]
[SourceVersionDate "2006.11.23"]
[SourceQuality "1"]

1. d4 Nf6 2. c4 g6 3. Nc3 d5 4. cxd5 Nxd5 5. e4 Nxc3 6. bxc3 Bg7 7. Nf3 c5 8. Be3 Qa5 9. Bd2 Qc7 10. Be2 Nc6 11. d5 Ne5 12. 0-0 0-0 13. Nxe5 Qxe5 14. Bd3 f5 15. Qb3 fxe4 16. Rae1 Bf5 17. f4 Qd6 18. Bxe4 Bd7 19. c4 b5 20. cxb5 Rab8 21. Bd3 Bd4+ 22. Kh1 Rf6 23. f5 Qb6 24. d6+ c4 25. Qxc4+ Kh8 26. dxe7 gxf5 27. Bc3 Rd6 28. Qf7 Rg6 29. e8Q+ Bxe8 30. Rxe8+ Rxe8 31. Qxe8+ Rg8 32. Qc6 Bxc3 33. Qxc3+ Rg7 34. Rxf5 Qd6 35. Rf7 1-0

[Event "Hessenliga 0203"]
[Site "Germany"]
[Date "2002.10.27"]
[Round "2.2"]
[White "Klingelhoefer, Stefan"]
[Black "Petri, Klaus"]
[Result "1/2-1/2"]
[WhiteElo "2276"]
[BlackElo "2219"]
[PlyCount "28"]
[EventDate "2002.10.??"]
[EventType "team"]
[EventRounds "9"]
[EventCountry "GER"]
[SourceTitle "EXT 2004"]
[Source "ChessBase"]
[SourceDate "2003.11.25"]
[SourceVersion "1"]
[SourceVersionDate "2003.11.25"]
[SourceQuality "1"]
[WhiteTeam "Giessen"]
[BlackTeam "Bensheim"]
[WhiteTeamCountry "GER"]
[BlackTeamCountry "GER"]

1. d4 d5 2. c4 e6 3. Nc3 c6 4. Nf3 Nf6 5. e3 Nbd7 6. Bd3 Bd6 7. 0-0 0-0 8. e4 dxc4 9. Bxc4 e5 10. Bg5 Qe7 11. d5 h6 12. Bh4 Rd8 13. Re1 Nf8 14. Nd2 Ng6 1/2-1/2

[Event "Bensheim op"]
[Site "Bensheim"]
[Date "2002.10.16"]
[Round "2"]
[White "Menzel, Thomas"]
[Black "Petri, Klaus"]
[Result "0-1"]
[WhiteElo "1850"]
[BlackElo "2172"]
[PlyCount "106"]
[EventDate "2002.??.??"]
[EventType "swiss"]
[EventRounds "7"]
[EventCountry "GER"]
[SourceTitle "EXT 2007"]
[Source "ChessBase"]
[SourceDate "2006.11.23"]
[SourceVersion "1"]
[SourceVersionDate "2006.11.23"]
[SourceQuality "1"]

1. d4 d5 2. c4 e6 3. cxd5 exd5 4. Nc3 c6 5. Qc2 g6 6. Nf3 Bf5 7. Qb3 Qb6 8. Qxb6 axb6 9. g3 Nd7 10. Bg2 Bb4 11. Bd2 Ne7 12. 0-0 0-0 13. a3 Bd6 14. Rfe1 b5 15. Nh4 Nb6 16. e4 dxe4 17. Nxe4 Bxe4 18. Bxe4 Ned5 19. Bxd5 Nxd5 20. Nf3 f6 21. Re6 Rfd8 22. Rae1 Kf7 23. R6e2 h5 24. Nh4 Ra4 25. Nf3 Rd7 26. Rd1 Bc7 27. Bc1 Rc4 28. Ne1 Ba5 29. Nc2 Ne7 30. b3 Rc3 31. Na1 Bb6 32. Bb2 Rf3 33. Kg2 Rf5 34. Nc2 Rfd5 35. b4 R5d6 36. Kf1 Nd5 37. Red2 Re7 38. Re1 Rde6 39. Rde2 Rxe2 40. Rxe2 Rxe2 41. Kxe2 Ke6 42. Ne3 Nxe3 43. fxe3 Kd5 44. Kd3 f5 45. Bc3 Bc7 46. Be1 h4 47. Bf2 h3 48. Be1 Bb8 49. Bf2 Bd6 50. Be1 b6 51. Bf2 c5 52. dxc5 bxc5 53. Kc3 Ke4 0-1

[Event "Hessenliga 0203"]
[Site "Germany"]
[Date "2002.09.22"]
[Round "1.3"]
[White "Meiser, Markus"]
[Black "Petri, Klaus"]
[Result "0-1"]
[WhiteElo "2205"]
[BlackElo "2219"]
[PlyCount "100"]
[EventDate "2002.10.??"]
[EventType "team"]
[EventRounds "9"]
[EventCountry "GER"]
[SourceTitle "EXT 2004"]
[Source "ChessBase"]
[SourceDate "2003.11.25"]
[SourceVersion "1"]
[SourceVersionDate "2003.11.25"]
[SourceQuality "1"]
[WhiteTeam "Lorsch"]
[BlackTeam "Bensheim"]
[WhiteTeamCountry "GER"]
[BlackTeamCountry "GER"]

1. d4 d5 2. c4 e6 3. Nc3 c6 4. e3 Nf6 5. Bd3 Nbd7 6. Nf3 Bd6 7. 0-0 0-0 8. e4 dxc4 9. Bxc4 e5 10. Bg5 Qe7 11. Re1 Nb6 12. Bf1 Bg4 13. h3 Bxf3 14. Qxf3 exd4 15. e5 Bxe5 16. Ne4 Nbd5 17. Nxf6+ Nxf6 18. Qf5 Rfe8 19. f4 Qd7 20. Qd3 Bc7 21. Bxf6 gxf6 22. Qg3+ Kh8 23. Bd3 Rg8 24. Qh4 Rg7 25. Qxf6 Qd6 26. Qxd6 Bxd6 27. f5 Rg3 28. Be4 Bf4 29. Bf3 Rag8 30. Kf1 Be3 31. a4 Kg7 32. b4 Kf6 33. b5 Rxf3+ 34. gxf3 Kxf5 35. Rab1 Kf4 36. Ke2 Rg2+ 37. Kd3 Rd2+ 38. Kc4 Rc2+ 39. Kb3 Rc3+ 40. Ka2 c5 41. b6 a6 42. Rb3 Rc2+ 43. Rb2 Rc4 44. Kb3 Rb4+ 45. Ka3 Rxb2 46. Kxb2 c4 47. Kc2 Kxf3 48. a5 f5 49. Rb1 f4 50. Rb4 Ke2 0-1

[Event "Bensheim op"]
[Site "Bensheim"]
[Date "2002.09.20"]
[Round "1"]
[White "Petri, Klaus"]
[Black "Hein, Dieter"]
[Result "1-0"]
[WhiteElo "2199"]
[BlackElo "2083"]
[PlyCount "47"]
[EventDate "2002.??.??"]
[EventType "swiss"]
[EventRounds "7"]
[EventCountry "GER"]
[SourceTitle "EXT 2007"]
[Source "ChessBase"]
[SourceDate "2006.11.23"]
[SourceVersion "1"]
[SourceVersionDate "2006.11.23"]
[SourceQuality "1"]

1. e4 e5 2. Nf3 Nc6 3. Bb5 a6 4. Bxc6 dxc6 5. 0-0 f6 6. d4 exd4 7. Nxd4 c5 8. Nb3 Qxd1 9. Rxd1 Be6 10. Bf4 Rd8 11. Rxd8+ Kxd8 12. Nc3 Bxb3 13. cxb3 Bd6 14. Rd1 Kd7 15. Nd5 Kc6 16. g3 h5 17. b4 g5 18. bxc5 Bxf4 19. gxf4 Kxc5 20. fxg5 fxg5 21. Nxc7 Kc6 22. Ne6 g4 23. Rd8 Kb6 24. Nf4 1-0

[Event "Hessenliga 0102"]
[Site "Germany"]
[Date "2001.11.04"]
[Round "3.2"]
[White "Petri, Klaus"]
[Black "Meiser, Markus"]
[Result "1-0"]
[WhiteElo "2191"]
[BlackElo "2200"]
[PlyCount "56"]
[EventDate "2001.10.??"]
[EventType "team"]
[EventRounds "9"]
[EventCountry "GER"]
[SourceTitle "EXT 2003"]
[Source "ChessBase"]
[SourceDate "2002.11.25"]
[SourceVersion "1"]
[SourceVersionDate "2002.11.25"]
[SourceQuality "1"]
[WhiteTeam "Bensheim"]
[BlackTeam "Lorsch"]
[WhiteTeamCountry "GER"]
[BlackTeamCountry "GER"]

1. e4 c5 2. Nf3 d6 3. d4 cxd4 4. Nxd4 Nf6 5. Nc3 a6 6. Bg5 e6 7. Qd2 Nbd7 8. 0-0-0 h6 9. Bxf6 Nxf6 10. Be2 Be7 11. f4 Qc7 12. Bf3 Bd7 13. g4 0-0-0 14. h4 h5 15. g5 Ng4 16. Qe2 d5 17. e5 f6 18. Bxg4 hxg4 19. exf6 gxf6 20. Nxe6 Bxe6 21. Qxe6+ Qd7 22. Qxd7+ Rxd7 23. Nxd5 Bd8 24. c4 Rdh7 25. g6 Rh5 26. Ne3 g3 27. Rdg1 Bc7 28. Nd5 Rg8 1-0

[Event "Hessen-ch MT"]
[Site "Willingen"]
[Date "2001.04.06"]
[Round "2"]
[White "Chandler, Patrick"]
[Black "Petri, Klaus"]
[Result "0-1"]
[WhiteElo "2252"]
[BlackElo "2191"]
[PlyCount "108"]
[EventDate "2001.04.05"]
[EventType "tourn"]
[EventRounds "11"]
[EventCountry "GER"]
[SourceTitle "EXT 2002"]
[Source "ChessBase"]
[SourceDate "2001.11.25"]
[SourceVersion "1"]
[SourceVersionDate "2001.11.25"]
[SourceQuality "1"]

1. e4 d5 2. Nc3 dxe4 3. Nxe4 Bf5 4. Ng3 Bg6 5. Nf3 Nf6 6. d4 e6 7. c3 Nbd7 8. Qb3 Qc8 9. Ne5 Nxe5 10. dxe5 Ne4 11. Nxe4 Bxe4 12. Qa4+ Bc6 13. Bb5 Bxb5 14. Qxb5+ c6 15. Qe2 Qc7 16. 0-0 Bc5 17. Bf4 0-0 18. b4 Be7 19. Rae1 Rfd8 20. Qc2 a5 21. a3 axb4 22. axb4 Qd7 23. Re3 Qd2 24. Qb1 Qa2 25. Re4 Qxb1 26. Rxb1 Ra3 27. Rc4 Rd5 28. g3 g5 29. Bxg5 Bxg5 30. Rg4 Rxe5 31. f4 Re2 32. Rxg5+ Kf8 33. f5 Rxc3 34. fxe6 Rxe6 35. Rf1 Rb3 36. Rgf5 Re7 37. R5f4 Rb2 38. Rh4 Ke8 39. Rxh7 Rxb4 40. Rh8+ Kd7 41. Rh7 Ke8 42. Rh8+ Kd7 43. Rh7 c5 44. Rhxf7 Rxf7 45. Rxf7+ Ke6 46. Rc7 c4 47. h4 Kd6 48. Rc8 Kd7 49. Rc5 b6 50. Rd5+ Ke6 51. Rd8 b5 52. h5 c3 53. Rc8 Rc4 54. Re8+ Kf7 0-1

[Event "Hessenliga 9900"]
[Site "Hessen"]
[Date "2000.05.14"]
[Round "11.1"]
[White "Grafl, Florian"]
[Black "Petri, Klaus"]
[Result "1/2-1/2"]
[WhiteElo "2285"]
[BlackElo "2192"]
[PlyCount "62"]
[EventDate "1999.09.26"]
[EventType "team"]
[EventRounds "11"]
[EventCountry "GER"]
[SourceTitle "EXT 2002"]
[Source "ChessBase"]
[SourceDate "2001.11.25"]
[SourceVersion "1"]
[SourceVersionDate "2001.11.25"]
[SourceQuality "1"]

1. f4 d5 2. Nf3 Nf6 3. d3 g6 4. h3 h5 5. g3 Bg7 6. Bg2 c6 7. c3 Qc7 8. Qc2 h4 9. g4 Nbd7 10. 0-0 e5 11. fxe5 Nxe5 12. Nxe5 Qxe5 13. e4 dxe4 14. d4 Qa5 15. Nd2 Be6 16. Nxe4 Nxe4 17. Bxe4 0-0-0 18. b4 Qc7 19. Bf4 Qd7 20. Qf2 Bd5 21. Bxd5 Qxd5 22. Bh2 Bh6 23. Be5 Rhf8 24. Qxh4 Be3+ 25. Kh2 Rde8 26. Qg3 Bg5 27. h4 f6 28. c4 Qxc4 29. Bb8 Re2+ 30. Kh1 Qd5+ 31. Rf3 Rf7 1/2-1/2

[Event "Hessen-ch op"]
[Site "Baunatal"]
[Date "1999.03.27"]
[Round "4"]
[White "Blum, Ralph"]
[Black "Petri, Klaus"]
[Result "1/2-1/2"]
[WhiteElo "2056"]
[BlackElo "2190"]
[PlyCount "26"]
[EventDate "1999.03.25"]
[EventType "swiss"]
[EventRounds "11"]
[EventCountry "GER"]
[SourceTitle "EXT 2000"]
[Source "ChessBase"]
[SourceDate "1999.11.16"]
[SourceVersion "1"]
[SourceVersionDate "1999.11.16"]
[SourceQuality "1"]

1. d4 Nf6 2. c4 Nc6 3. Nc3 e5 4. d5 Ne7 5. g3 Ng6 6. Bg2 Bc5 7. Nf3 d6 8. 0-0 0-0 9. Bg5 h6 10. Bxf6 Qxf6 11. Ne4 Qe7 12. Nxc5 dxc5 13. e4 Bg4 1/2-1/2